000 00744nam a2200241Ia 4500
003 OSt
005 20220926005415.0
006 a|||||r|||| 00| 0
007 ta
008 220923b |||||||| |||| 00| 0 eng d
020 _a8187358165
_c1270.75
037 _b884, 18/03/2013, Pranami Book Service
_cGeneral Book
040 _aRTL
_cRTL
_beng
041 _2eng
_aeng
082 _aY.2, P5
100 _aBAJPAI Peeyush
245 0 _aSocial and economic profile of India
260 _a New Delhi
_bSocial Science Press
_c2005
300 _ax, 173p Bibliography: P 169-173
_ccm.
650 _aSociology
942 _hY.2, P5
_cGB
_2CC
999 _c613710
_d613710